Science Quiz

Random Science or Animal Quiz

Baby Beasts IV Quiz Stats

 Plays Quiz Updated Mar 18, 2020

Support Sporcle.
Go Orange.
Score 0/16 Timer 04:00
2 Plays Today
% Correct
Zebra
98.6%
Cow
98.6%
Penguin
98.1%
Pig
98.1%
Elephant
98.1%
Sheep
98.1%
Horse
97.9%
Gorilla
97.7%
% Correct
Fox
97.2%
Camel
96.9%
Polar Bear
96.7%
Walrus
93.1%
Chicken
92.4%
Cheetah
90.2%
Ostrich
86.7%
Bison
76.1%

From the Vault

Athletes A-Z by Picture

by minshkins

Sports 5m
We really need more athletes with an 'X' last name.
Remove Ads.
Support Sporcle.
Get the best of Sporcle when you Go Orange. This ad-free experience offers more features, more stats, and more fun while also helping to support Sporcle. Thank you for becoming a member.

Show Comments

Extras

Top Quizzes Today


Score Distribution

Your Account Isn't Verified!

In order to create a playlist on Sporcle, you need to verify the email address you used during registration. Go to your Sporcle Settings to finish the process.

Report this User

Report this user for behavior that violates our Community Guidelines.

Details: